Exploitable marine ecosystems : Their behavior and management
Gorde:
| Egile nagusia: | |
|---|---|
| Formatua: | Liburua |
| Hizkuntza: | Undetermined |
| Argitaratua: |
London
Fishing News Books
1996
|
| Gaiak: | |
| Etiketak: |
Etiketa erantsi
Etiketarik gabe, Izan zaitez lehena erregistro honi etiketa jartzen!
|
| Thư viện lưu trữ: | Trung tâm Học liệu Trường Đại học Cần Thơ |
|---|
| LEADER | 00552nam a2200205Ia 4500 | ||
|---|---|---|---|
| 001 | CTU_69209 | ||
| 008 | 210402s9999 xx 000 0 und d | ||
| 020 | |b 110 | ||
| 082 | |a 574.5 | ||
| 082 | |b L158 | ||
| 100 | |a Laevastu, Taivo | ||
| 245 | 0 | |a Exploitable marine ecosystems : | |
| 245 | 0 | |b Their behavior and management | |
| 245 | 0 | |c Taivo Laevastu | |
| 260 | |a London | ||
| 260 | |b Fishing News Books | ||
| 260 | |c 1996 | ||
| 650 | |a Fishery management | ||
| 904 | |i Trúc Phương | ||
| 980 | |a Trung tâm Học liệu Trường Đại học Cần Thơ | ||